Statistics for June 25th: Birthdays

Click here to take the quiz!

General Stats

  • This quiz has been taken 10 times
  • The average score is 3 of 7

Answer Stats

YearClueAnswer% Correct
1963Part of Wham!George Michael
100%
1903Wrote Animal FarmGeorge Orwell
70%
1852Architect of La Sagrada FamíliaAntoni Gaudi
50%
1961Actor in the OfficeRicky Gervais
40%
1900Viceroy of IndiaLouis Mountbatten
20%
19331st African-American at Ole MissJames Meredith
0%
1942MVP Basketball Hall of FamerWillis Reed
0%

Score Distribution

Percentile by Number Answered

Percent of People with Each Score

Your Score History

You have not taken this quiz